000 00391pab a2200133 454500
008 180718b xxu||||| |||| 00| 0 eng d
100 _aRossmo, Kim
245 _aProblem - oriented policing: a cooperative approach in Mount Pleasant, Vancouver
650 _a Policing
650 _aPolice - Canada
700 _aFisher, Doug
773 _aRoyal Canadian Mounted Police Gazette
909 _a23849
999 _c23849
_d23849